| 000 | 01013nam a2200313 i 4500 | ||
|---|---|---|---|
| 003 | EG-GICUC | ||
| 005 | 20260508185820.0 | ||
| 008 | 260508t1906 fr ||||fr|||| 00| 0 fre d | ||
| 040 |
_aEG-GiCUC _bfre _cEG-GiCUC _dEG-GiCUC _eRda |
||
| 041 | _afre | ||
| 082 | 0 | 4 |
_221 _a345.043 _bMA.D |
| 092 | 0 | 4 | _221 |
| 099 | _aLaw1 07 345.043 MA.D 1906 | ||
| 100 | 1 |
_aMayer , Otto _eAuteur |
|
| 245 |
_aDroit Admnistratif Allemand . _nTome Quatrieme , _pPartie Special / _cOtto Mayer . |
||
| 264 |
_aParis : _bV. GIARD & E. BRIERE , _c1906. |
||
| 300 |
_a405 page ; _c 24 cm. |
||
| 336 |
_2rda contenu _a texte |
||
| 337 |
_2rda medias _aOrdinateur |
||
| 338 |
_2 transporteur rda _a Ressource en ligne |
||
| 490 | _aBIBLIOTHEQUE INTERNATIONALE DE DROIT PUBLIC | ||
| 546 | _aTexte en français | ||
| 650 | 1 |
_aDroit administratif _zAllemagne |
|
| 651 | 1 | _2qrmak | |
| 700 | 1 |
_aH. BERTHÉLEMY _eContributeur |
|
| 856 | 4 | 0 | _uhttps://fll.law.cu.edu.eg/fulltext/bks/B07-06288.pdf |
| 905 | _a60 | ||
| 942 |
_2ddc _cBK _e21 _n0 |
||
| 999 |
_c76325 _d76325 |
||